Visualizzazione normale
Vista MARC
- Wenders Wim
di Personal Name
Records bibliografici associati: 1
001 - CONTROL NUMBER
- control field: 39261
003 - CONTROL NUMBER IDENTIFIER
- control field: IT-RoPau
005 - DATE AND TIME OF LATEST TRANSACTION
- control field: 20151126095220.0
008 - FIXED-LENGTH DATA ELEMENTS
- fixed length control field: 151126|| aca||aabn | a|a d
040 ## - CATALOGING SOURCE
- Original cataloging agency: IT-RoPau
- Transcribing agency: IT-RoPau
100 ## - HEADING--PERSONAL NAME
- Personal name: Wenders Wim
- Relator term: (regista)
- Miscellaneous information: Codice regista SPICS: 499
670 ## - SOURCE DATA FOUND
- Source citation: Work cat.: (IT-RoPau)105064: Wenders Wim Codice regista SPICS: 499 39256, PARIS, TEXAS PARIS, TEXAS (Rif. Codice opera principale : V0749)